Foliage House Plants (Record no. 1126)

000 -LEADER
fixed length control field 00549nam a22001937a 4500
003 - CONTROL NUMBER IDENTIFIER
control field OSt
005 - DATE AND TIME OF LATEST TRANSACTION
control field 20210426123544.0
008 - FIXED-LENGTH DATA ELEMENTS--GENERAL INFORMATION
fixed length control field 210203s1972 ||||| |||| 00| 0 eng d
040 ## - CATALOGING SOURCE
Original cataloging agency eng
Language of cataloging eng
Transcribing agency DLC
041 ## - LANGUAGE CODE
Language code of text/sound track or separate title eng
080 ## - UNIVERSAL DECIMAL CLASSIFICATION NUMBER
Universal Decimal Classification number 58
Item number C-90
100 ## - MAIN ENTRY--PERSONAL NAME
9 (RLIN) 760
Personal name Crockett, Underwood. James
245 ## - TITLE STATEMENT
Title Foliage House Plants
Remainder of title : The Time-Life Encyclopedia of Gardening
Statement of responsibility, etc. / by: Time-Life Books
260 ## - PUBLICATION, DISTRIBUTION, ETC.
Place of publication, distribution, etc. New York
Name of publisher, distributor, etc. Time-Life Books
Date of publication, distribution, etc. 1972
300 ## - PHYSICAL DESCRIPTION
Extent 160 p.
Other physical details ill.
650 #0 - SUBJECT ADDED ENTRY--TOPICAL TERM
9 (RLIN) 727
Topical term or geographic name entry element Botanics
653 ## - INDEX TERM--UNCONTROLLED
Uncontrolled term ბოტანიკა
942 ## - ADDED ENTRY ELEMENTS (KOHA)
Source of classification or shelving scheme
Koha item type Books
Holdings
Withdrawn status Lost status Source of classification or shelving scheme Damaged status Not for loan Permanent location Current location Date acquired Inventory number Total Checkouts Full call number Barcode Date last seen Price effective from Koha item type
          Ken Walker International University Ken Walker International University 02/03/2021 1474   58 C-90 1474 02/03/2021 02/03/2021 Books

Powered by Koha